| 000 | 00773nam a2200241 i 4500 | ||
|---|---|---|---|
| 001 | 171459 | ||
| 003 | ES-MaACL | ||
| 005 | 20250704062531.0 | ||
| 008 | 090518s1864 fr |||| | fre d | ||
| 080 | _a821.133.1-2"18" | ||
| 100 | 1 |
_aDumas, Alexandre, _d1802-1870 _eaut _9241135 |
|
| 245 | 1 | 0 |
_aThéatre complet de Alex. Dumas. _nQuatrième série, _pKean. Piquillo. Caligula. Paul Jones. L'Alchimiste. |
| 260 |
_aParis : _bMichel Lévy, _c1864 ( _fTyp. A. Bouret) |
||
| 300 |
_a470 p. ; _c18 cm. |
||
| 740 | 0 | _aKean. | |
| 740 | 0 | _aPiquillo. | |
| 740 | 0 | _aCaligula. | |
| 740 | 0 | _aPaul Jones. | |
| 740 | 2 | _aL'Alchimiste. | |
| 852 | 4 |
_aES-MaACL _jE-12643 _9R.140204 _z. - Biblioteca Jacinto Martínez Lacalle |
|
| 942 | _2udc | ||
| 999 |
_c171459 _d171459 |
||